000 00591nam a2200253Ia 4500
008 210210b1939 xxu||||| |||| 00| 0 eng d
041 _aeng
082 _a826/271
100 _aPINTO (V DE SOLA)
245 _aEnglish renaissance 1510-1688 Vol II: Pinto and Pattison Ed
260 _aLondon
_bNot Mentioned
_c1939
440 _aII
650 _aVol
650 _arenaissance
650 _aPinto
650 _aPattison
650 _aII:
650 _aEnglish
650 _aEd
650 _aand
650 _a1510-1688
690 _aHistory of Literature
906 _a015819
999 _c135209
_d135209